[Event "34.Gold-Cup 2006 Meran"]
[Site "Meran/Südtirol (21.4.-29.4)"]
[Date "2006.04.28"]
[Round "8.5"]
[White "Meinke, Dietlind"]
[Black "Kreie, Guenter"]
[Result "1/2-1/2"]
[WhiteElo "1745"]
[BlackElo "1812"]
[PlyCount "33"]
[EventDate "2006.04.??"]
[Source "Chess-Org"]
[SourceDate "2006.09.01"]

1. e4 c5 2. Nc3 e6 3. f4 d5 4. exd5 exd5 5. Bb5+ Nc6 6. Qe2+ Be7 7. Nf3 Bd7 8.
Nxd5 Kf8 9. O-O a6 10. Bxc6 Bxc6 11. Nxe7 Nxe7 12. d3 f6 13. Be3 b6 14. Nd2 Nf5
15. Ne4 Qe7 16. Rae1 Re8 17. g4 1/2-1/2

[Event "34.Gold-Cup 2006 Meran"]
[Site "Meran/Südtirol (21.4.-29.4)"]
[Date "2006.04.28"]
[Round "8.6"]
[White "Muscolino, Attilio"]
[Black "Schweitzer, Paul"]
[Result "1-0"]
[WhiteElo "1797"]
[BlackElo "1645"]
[PlyCount "73"]
[EventDate "2006.04.??"]
[Source "Chess-Org"]
[SourceDate "2006.09.01"]

1. e4 e6 2. d4 d6 3. Nc3 Nd7 4. Nf3 g6 5. Bf4 Bg7 6. Qd2 a6 7. Bg5 f6 8. Bf4
Ne7 9. O-O-O b5 10. Bd3 O-O 11. Bh6 c5 12. Bxg7 Kxg7 13. e5 dxe5 14. dxe5 b4
15. Ne4 Nd5 16. Bc4 Nxe5 17. Nxe5 fxe5 18. f3 Qb6 19. Bxd5 exd5 20. Qxd5 Bf5
21. Qxe5+ Kg8 22. Rd6 Qa5 23. Qd5+ Kh8 24. Rd1 Rae8 25. g4 Bxe4 26. fxe4 Qc7
27. e5 Rf4 28. e6 Rd4 29. Qe5+ Qg7 30. Qxc5 Rxd1+ 31. Kxd1 Qxb2 32. Rxa6 Qf6
33. Rd6 Qf1+ 34. Kd2 Qg2+ 35. Kc1 Qf1+ 36. Kb2 Qg2 37. Qe5+ 1-0

[Event "34.Gold-Cup 2006 Meran"]
[Site "Meran/Südtirol (21.4.-29.4)"]
[Date "2006.04.28"]
[Round "8.7"]
[White "Josting, Friedel"]
[Black "Selkind, Leo"]
[Result "1-0"]
[WhiteElo "1800"]
[BlackElo "1814"]
[PlyCount "66"]
[EventDate "2006.04.??"]
[Source "Chess-Org"]
[SourceDate "2006.09.01"]

1. Nf3 Nf6 2. d4 d6 3. g3 g6 4. Bg2 Bg7 5. O-O O-O 6. c4 Nbd7 7. Nc3 c6 8. Qc2
Qc7 9. b3 e5 10. dxe5 dxe5 11. e4 Re8 12. Rd1 Nc5 13. Ba3 Bf8 14. Bb2 Bg4 15.
h3 Bxf3 16. Bxf3 Ne6 17. Ne2 Bg7 18. Bc3 c5 19. Rac1 Nd4 20. Bxd4 exd4 21. Nf4
Rad8 22. Nd5 Qb8 23. Re1 b6 24. Bg2 h5 25. Nxf6+ Bxf6 26. Qd3 Bg5 27. f4 Bh6
28. Rcd1 Qc8 29. e5 Qe6 30. h4 Qg4 31. Rf1 Re7 32. Qf3 Qxf3 33. Rxf3 g5 1-0

[Event "34.Gold-Cup 2006 Meran"]
[Site "Meran/Südtirol (21.4.-29.4)"]
[Date "2006.04.28"]
[Round "8.8"]
[White "Schuchardt, Heinz"]
[Black "Wulf, Adalbert"]
[Result "0-1"]
[WhiteElo "1735"]
[BlackElo "1755"]
[PlyCount "56"]
[EventDate "2006.04.??"]
[Source "Chess-Org"]
[SourceDate "2006.09.01"]

1. c4 e5 2. Nc3 Nf6 3. g3 Bb4 4. Bg2 c6 5. e4 O-O 6. Nge2 d6 7. O-O Nbd7 8. a3
Ba5 9. b4 Bc7 10. Bb2 a5 11. Qb3 Nb6 12. d4 Qe7 13. d5 Nbd7 14. Rfd1 Ng4 15. h3
Nh6 16. b5 Nc5 17. Qc2 cxb5 18. Nxb5 Bb6 19. Bc1 f5 20. Bxh6 gxh6 21. Rab1 fxe4
22. Nbc3 Ba7 23. Rf1 Bf5 24. g4 Bg6 25. Nxe4 Qh4 26. N2g3 Nxe4 27. Bxe4 Qxg3+
28. Kh1 Qxh3+ 0-1

[Event "34.Gold-Cup 2006 Meran"]
[Site "Meran/Südtirol (21.4.-29.4)"]
[Date "2006.04.28"]
[Round "8.9"]
[White "Gerhards, Walter"]
[Black "Marek, Herbert"]
[Result "1-0"]
[WhiteElo "1859"]
[BlackElo "1622"]
[PlyCount "77"]
[EventDate "2006.04.??"]
[Source "Chess-Org"]
[SourceDate "2006.09.01"]

1. e4 c5 2. Nf3 e6 3. d4 cxd4 4. Nxd4 a6 5. c4 Nf6 6. Nc3 Qc7 7. Be2 Be7 8. Nf3
b6 9. Bg5 Bb7 10. Qd3 Nc6 11. Rd1 d6 12. O-O h6 13. Bh4 O-O-O 14. a3 g5 15. Bg3
Rhg8 16. b4 Ne5 17. Nxe5 dxe5 18. Qe3 h5 19. f3 Nd7 20. Bf2 f5 21. Na4 f4 22.
Nxb6+ Kb8 23. Nxd7+ Rxd7 24. Qa7+ Kc8 25. c5 Rxd1 26. Rxd1 Qc6 27. Qb6 Qxb6 28.
cxb6 Rd8 29. Rc1+ Kb8 30. Bc5 Rc8 31. Rc4 Bf8 32. Bxf8 Rxf8 33. Rc5 Rc8 34.
Rxe5 Rc2 35. Kf1 Ra2 36. Rxg5 Rxa3 37. Rxh5 Rb3 38. Rh8+ Bc8 39. Bxa6 1-0

[Event "34.Gold-Cup 2006 Meran"]
[Site "Meran/Südtirol (21.4.-29.4)"]
[Date "2006.04.28"]
[Round "8.11"]
[White "Wagner, Gerhard[50Windach]"]
[Black "Hapke, Yvonne[75]"]
[Result "0-1"]
[WhiteElo "1399"]
[BlackElo "1578"]
[PlyCount "100"]
[EventDate "2006.04.??"]
[Source "Chess-Org"]
[SourceDate "2006.09.01"]

1. e4 e5 2. Nf3 Nc6 3. Bb5 a6 4. Ba4 Nf6 5. O-O Be7 6. Re1 b5 7. Bb3 O-O 8. c3
d5 9. d3 Bb7 10. Bc2 Qd6 11. b3 d4 12. Bb2 dxc3 13. Nxc3 Nb4 14. Ne2 Nd7 15.
Ng3 g6 16. Bb1 c5 17. Qd2 Nc6 18. Bc2 Nd4 19. Nxd4 cxd4 20. Rf1 Bh4 21. Bc1 Qc6
22. Bb2 f5 23. f3 f4 24. Ne2 Be7 25. b4 Nf6 26. Rac1 Qd6 27. a3 Kg7 28. Bb3
Rac8 29. Rxc8 Rxc8 30. Rc1 Rxc1+ 31. Bxc1 g5 32. Bb2 Qd7 33. g4 h5 34. h3 hxg4
35. hxg4 Nxg4 36. Nxd4 exd4 37. fxg4 Qxg4+ 38. Kf1 Bf6 39. Qf2 Qh3+ 40. Ke2
Qe3+ 41. Qxe3 fxe3 42. Bd1 g4 43. Bc1 Kg6 44. Kf1 Kg5 45. Kg2 Kf4 46. Bc2 Bc8
47. Bd1 g3 48. Bc2 Bg4 49. Bb3 Be2 50. Bd5 Bxd3 0-1

[Event "34.Gold-Cup 2006 Meran"]
[Site "Meran/Südtirol (21.4.-29.4)"]
[Date "2006.04.28"]
[Round "8.12"]
[White "Otto, Klaus[41Triebes]"]
[Black "Kuhn, Hans[50]"]
[Result "1-0"]
[WhiteElo "1503"]
[BlackElo "1317"]
[PlyCount "71"]
[EventDate "2006.04.??"]
[Source "Chess-Org"]
[SourceDate "2006.09.01"]

1. e4 e5 2. Nf3 d6 3. d4 exd4 4. Nxd4 Nf6 5. Nc3 Be7 6. Bd3 Bd7 7. h3 a6 8. Be3
Nc6 9. a3 O-O 10. Qd2 Ne5 11. Be2 h6 12. f4 Ng6 13. g4 Nh7 14. O-O-O b5 15. Nd5
c5 16. Nxe7+ Qxe7 17. Nf5 Qxe4 18. Nxd6 Qe7 19. Bxc5 Nf6 20. Nb7 Qe6 21. Bxf8
Nxf8 22. Nc5 Qa2 23. Nb3 Be6 24. Qd4 Bxb3 25. cxb3 Qxb3 26. Kb1 b4 27. Bc4 Qa4
28. Rd3 a5 29. Re1 Re8 30. Rxe8 Qxe8 31. Re3 Qc6 32. g5 hxg5 33. fxg5 N6d7 34.
Qd5 Qg6+ 35. Ka2 bxa3 36. Rxa3 1-0

[Event "34.Gold-Cup 2006 Meran"]
[Site "Meran/Südtirol (21.4.-29.4)"]
[Date "2006.04.29"]
[Round "9.1"]
[White "Krieger, Hermann"]
[Black "Jacob, Konrad"]
[Result "1-0"]
[WhiteElo "2155"]
[BlackElo "1772"]
[PlyCount "75"]
[EventDate "2006.04.??"]
[Source "Chess-Org"]
[SourceDate "2006.09.01"]

1. e4 c6 2. d4 d5 3. exd5 Qxd5 4. Nc3 Qa5 5. Bc4 e6 6. Nf3 Nd7 7. Bd2 Ngf6 8.
Qe2 Be7 9. Nd5 Qd8 10. Nxe7 Qxe7 11. O-O-O Nb6 12. Bb3 a5 13. a3 a4 14. Ba2 Qc7
15. Ne5 O-O 16. g4 Nbd5 17. c4 Ne7 18. Bf4 Qd8 19. g5 Nd7 20. Ng4 b5 21. Rhg1
bxc4 22. h4 Nd5 23. Bd6 Re8 24. Bxc4 N7b6 25. Be5 Nxc4 26. Qxc4 Ba6 27. Qc5 Be2
28. Nh6+ Kh8 29. Nxf7+ Kg8 30. Nxd8 Bxd1 31. Kxd1 Raxd8 32. Qxc6 Kh8 33. h5 Kg8
34. Rg3 Rc8 35. Qd7 Ne7 36. Qxe6+ Kh8 37. Bxg7+ Kxg7 38. h6+ 1-0

[Event "34.Gold-Cup 2006 Meran"]
[Site "Meran/Südtirol (21.4.-29.4)"]
[Date "2006.04.29"]
[Round "9.2"]
[White "Muscolino, Attilio"]
[Black "Klages, Hans Juergen"]
[Result "0-1"]
[WhiteElo "1797"]
[BlackElo "2051"]
[PlyCount "60"]
[EventDate "2006.04.??"]
[Source "Chess-Org"]
[SourceDate "2006.09.01"]

1. e4 Nc6 2. Nf3 e5 3. d4 exd4 4. Nxd4 Nf6 5. Nxc6 bxc6 6. e5 Nd5 7. Bd3 g6 8.
O-O Bg7 9. Nd2 O-O 10. Nc4 Ba6 11. Re1 Qe7 12. Ne3 Bxd3 13. Nxd5 cxd5 14. Qxd3
c6 15. Qg3 f6 16. Bf4 Rfe8 17. c4 fxe5 18. Bg5 Qf7 19. cxd5 Qxd5 20. Rad1 Qe6
21. Rd3 d5 22. Ra3 Qd7 23. b4 Rab8 24. Be3 d4 25. Bd2 Rb7 26. Qd3 Qd5 27. f3
Bf8 28. Ra5 Rb5 29. Rxa7 Bxb4 30. Rb1 Bxd2 0-1

[Event "34.Gold-Cup 2006 Meran"]
[Site "Meran/Südtirol (21.4.-29.4)"]
[Date "2006.04.29"]
[Round "9.3"]
[White "Siegmund, Rainer"]
[Black "Graf, Joachim[60]"]
[Result "1/2-1/2"]
[WhiteElo "2033"]
[BlackElo "2036"]
[PlyCount "41"]
[EventDate "2006.04.??"]
[Source "Chess-Org"]
[SourceDate "2006.09.01"]

1. d4 d5 2. c4 e6 3. Nc3 Nf6 4. cxd5 exd5 5. Bg5 Be7 6. e3 h6 7. Bh4 O-O 8. Bd3
b6 9. Nf3 Bb7 10. Rc1 Ne4 11. Bxe7 Qxe7 12. O-O Rc8 13. Qb3 c6 14. Bxe4 dxe4
15. Nd2 Rd8 16. Ndxe4 c5 17. Ng3 cxd4 18. exd4 Rxd4 19. Rfe1 Qd8 20. Nb5 Rd7
21. Red1 1/2-1/2

[Event "34.Gold-Cup 2006 Meran"]
[Site "Meran/Südtirol (21.4.-29.4)"]
[Date "2006.04.29"]
[Round "9.4"]
[White "Kreie, Guenter"]
[Black "Kelchner, Hans"]
[Result "0-1"]
[WhiteElo "1812"]
[BlackElo "2019"]
[PlyCount "65"]
[EventDate "2006.04.??"]
[Source "Chess-Org"]
[SourceDate "2006.09.01"]

1. e4 g6 2. d4 Bg7 3. c3 d5 4. exd5 Qxd5 5. Qf3 Nf6 6. Qxd5 Nxd5 7. Nf3 O-O 8.
Bd3 Nd7 9. O-O c5 10. Re1 cxd4 11. cxd4 Nb4 12. Rd1 Nxd3 13. Rxd3 Nb6 14. Nc3
Bf5 15. Rd1 Bg4 16. Be3 Rfd8 17. Re1 Bxf3 18. gxf3 e6 19. Rad1 Rac8 20. Ne4 Nc4
21. b3 Nd6 22. Bg5 Rd7 23. Nc5 Rdc7 24. Bf4 Rc6 25. Bxd6 Rxd6 26. Nxb7 Rxd4 27.
Rc1 Rb8 28. Nc5 Rd2 29. a3 Bb2 30. Rb1 Bxa3 31. Ne4 Rd3 32. Ra1 Bb4 33. Re3 0-1

[Event "34.Gold-Cup 2006 Meran"]
[Site "Meran/Südtirol (21.4.-29.4)"]
[Date "2006.04.29"]
[Round "9.6"]
[White "Josting, Friedel"]
[Black "Gerhards, Walter"]
[Result "1/2-1/2"]
[WhiteElo "1800"]
[BlackElo "1859"]
[PlyCount "101"]
[EventDate "2006.04.??"]
[Source "Chess-Org"]
[SourceDate "2006.09.01"]

1. d4 Nf6 2. Nf3 c5 3. d5 e6 4. c4 b5 5. dxe6 fxe6 6. b3 Be7 7. e3 bxc4 8. bxc4
Nc6 9. Be2 O-O 10. O-O Ng4 11. Bb2 Rb8 12. Bc3 Bf6 13. Qd2 Bb7 14. Na3 Nce5 15.
Nxe5 Nxe5 16. Ba5 Qe8 17. Rab1 Qg6 18. g3 Nf3+ 19. Bxf3 Bxf3 20. Rxb8 Rxb8 21.
Qd6 Rf8 22. Qxd7 Qg4 23. Nc2 Qh3 24. Ne1 Be2 25. Ng2 Bxf1 26. Kxf1 Qxh2 27.
Qxe6+ Kh8 28. Qd6 Rc8 29. Qd7 Rb8 30. Qd5 Qh1+ 31. Ke2 Qb1 32. Bc7 Qxa2+ 33.
Kf3 Rf8 34. Nf4 Qb1 35. Kg2 Qb4 36. Ne6 Rc8 37. Nxc5 h6 38. Ne6 Qe7 39. Bd6 Qd7
40. e4 a5 41. e5 Be7 42. c5 a4 43. Nd4 a3 44. Qa2 Bxd6 45. c6 Qa7 46. Nb5 Qb6
47. Nxd6 Qxc6+ 48. Kh2 Qc2 49. Qf7 a2 50. Nxc8 a1=Q 51. Ne7 1/2-1/2

[Event "34.Gold-Cup 2006 Meran"]
[Site "Meran/Südtirol (21.4.-29.4)"]
[Date "2006.04.29"]
[Round "9.7"]
[White "Wulf, Adalbert"]
[Black "Willin, Bernhard[51SUI]"]
[Result "0-1"]
[WhiteElo "1755"]
[BlackElo "1809"]
[PlyCount "72"]
[EventDate "2006.04.??"]
[Source "Chess-Org"]
[SourceDate "2006.09.01"]

1. d4 Nf6 2. Nf3 d6 3. e3 g6 4. Bd3 Bg7 5. c3 b6 6. Qe2 O-O 7. e4 Nfd7 8. O-O
a5 9. c4 c5 10. d5 Ne5 11. Nxe5 Bxe5 12. Bh6 Re8 13. Qd2 Na6 14. a3 Bd7 15. Nc3
Nc7 16. Kh1 a4 17. Rae1 Qb8 18. f4 Bh8 19. e5 b5 20. e6 fxe6 21. f5 exf5 22.
Bxf5 Bxf5 23. Rxf5 bxc4 24. Rf2 Qc8 25. h3 Qd7 26. Ref1 Rab8 27. Ne4 Bd4 28.
Rf7 Nxd5 29. Qg5 Qe6 30. R7f4 Nxf4 31. Qxf4 Bxb2 32. Ng5 Qd5 33. Qg4 Bf6 34.
Rxf6 exf6 35. Qd7 Re1+ 36. Kh2 Qe5+ 0-1

[Event "34.Gold-Cup 2006 Meran"]
[Site "Meran/Südtirol (21.4.-29.4)"]
[Date "2006.04.29"]
[Round "9.8"]
[White "Hapke, Yvonne[75]"]
[Black "Perk, Egbert"]
[Result "0-1"]
[WhiteElo "1578"]
[BlackElo "1886"]
[PlyCount "52"]
[EventDate "2006.04.??"]
[Source "Chess-Org"]
[SourceDate "2006.09.01"]

1. e4 d6 2. d4 Nd7 3. Nf3 c6 4. Bd3 e5 5. dxe5 dxe5 6. Nc3 Ngf6 7. O-O Qc7 8.
Ne2 Nc5 9. Ng3 Be7 10. Re1 O-O 11. Bg5 Ne6 12. Nf5 Nxg5 13. Nxe7+ Qxe7 14. Nxg5
Bg4 15. Nf3 Rad8 16. h3 Bh5 17. Qe2 Nd7 18. c3 Nc5 19. Bc2 Ne6 20. Rad1 Ng5 21.
Qe3 Bxf3 22. gxf3 Nxh3+ 23. Kf1 Nf4 24. Rxd8 Rxd8 25. Rd1 Rxd1+ 26. Bxd1 Qd7
0-1

[Event "34.Gold-Cup 2006 Meran"]
[Site "Meran/Südtirol (21.4.-29.4)"]
[Date "2006.04.29"]
[Round "9.9"]
[White "Selkind, Leo"]
[Black "Otto, Klaus[41Triebes]"]
[Result "1-0"]
[WhiteElo "1814"]
[BlackElo "1503"]
[PlyCount "95"]
[EventDate "2006.04.??"]
[Source "Chess-Org"]
[SourceDate "2006.09.01"]

1. e4 e6 2. Qe2 d6 3. g3 Nf6 4. Bg2 Be7 5. d4 O-O 6. Nf3 d5 7. e5 Nfd7 8. O-O
c5 9. c3 Nc6 10. Be3 b6 11. Nbd2 a5 12. Rfd1 Ba6 13. Qe1 cxd4 14. Bxd4 Nxd4 15.
Nxd4 Qc7 16. N2f3 Nc5 17. Bf1 Bxf1 18. Qxf1 Qb7 19. Nb5 Rfd8 20. Nfd4 Nd7 21.
Qe2 Nf8 22. h4 h6 23. Rd2 Bc5 24. Rad1 Ng6 25. h5 Ne7 26. a3 Nc6 27. Nxc6 Qxc6
28. c4 d4 29. Nxd4 Bxd4 30. Rxd4 Rxd4 31. Rxd4 Rc8 32. Rd6 Qb7 33. Qe3 b5 34.
Rb6 Qd7 35. Rd6 Qb7 36. c5 Qa7 37. b4 axb4 38. axb4 Kf8 39. Qd4 Ke7 40. Qc3 Rd8
41. Qd4 Ra8 42. Kg2 f6 43. exf6+ gxf6 44. Qe4 e5 45. Qh7+ Ke8 46. Qg8+ Ke7 47.
Qe6+ Kf8 48. Rd7 1-0

[Event "34.Gold-Cup 2006 Meran"]
[Site "Meran/Südtirol (21.4.-29.4)"]
[Date "2006.04.29"]
[Round "9.11"]
[White "Wagner, Gerhard[50Windach]"]
[Black "Schuchardt, Heinz"]
[Result "0-1"]
[WhiteElo "1399"]
[BlackElo "1735"]
[PlyCount "84"]
[EventDate "2006.04.??"]
[Source "Chess-Org"]
[SourceDate "2006.09.01"]

1. e4 g6 2. d4 Bg7 3. e5 c5 4. c3 Nc6 5. Nf3 cxd4 6. cxd4 a6 7. Be2 d6 8. exd6
Qxd6 9. Be3 Nh6 10. h3 Nf5 11. Nc3 Nxe3 12. fxe3 Qg3+ 13. Kf1 O-O 14. Ne4 Qc7
15. Kf2 b6 16. Rc1 Qd7 17. Qd2 Bb7 18. Ng3 Rad8 19. Rhd1 Qd6 20. Ne4 Qb8 21.
Bxa6 Nxd4 22. Bxb7 Qxb7 23. Neg5 Nc6 24. Qc2 Rxd1 25. Rxd1 h6 26. Ne4 Rc8 27.
Nc3 Ne5 28. Qb3 Nxf3 29. gxf3 Qc7 30. Kg2 h5 31. h4 e6 32. a3 Bf6 33. Kh3 Qe7
34. Qxb6 Bxh4 35. e4 Qf6 36. Qe3 Bg5 37. Qe2 Bf4 38. Qf1 Rb8 39. Qf2 Be5 40.
Rc1 Rxb2 41. Ne2 Qg5 42. f4 Qg4+ 0-1

[Event "34.Gold-Cup 2006 Meran"]
[Site "Meran/Südtirol (21.4.-29.4)"]
[Date "2006.04.29"]
[Round "9.12"]
[White "Kuhn, Hans[50]"]
[Black "Marek, Herbert"]
[Result "0-1"]
[WhiteElo "1317"]
[BlackElo "1622"]
[PlyCount "48"]
[EventDate "2006.04.??"]
[Source "Chess-Org"]
[SourceDate "2006.09.01"]

1. e4 c5 2. Nf3 e6 3. d4 cxd4 4. Nxd4 a6 5. Be2 Nf6 6. f3 Bc5 7. O-O Qb6 8. c3
e5 9. b4 Be7 10. Kh1 exd4 11. Qxd4 Qxd4 12. cxd4 Bxb4 13. Bb2 O-O 14. Nc3 d6
15. Bc4 b5 16. Bb3 Bb7 17. Rac1 Nc6 18. Nd5 Nxd5 19. Bxd5 Rac8 20. Rc2 Rc7 21.
Rfc1 Rfc8 22. Bxf7+ Kxf7 23. d5 Ba5 24. dxc6 Rxc6 0-1